| 000 | 005510000a22001810004500 | ||
|---|---|---|---|
| 003 | MACL | ||
| 005 | 20160607155637.0 | ||
| 008 | 160607b xxu||||| |||| 00| 0 eng d | ||
| 040 |
_aMACL _cMACL |
||
| 041 | _aHindi | ||
| 082 | _a920 | ||
| 100 |
_aविवेकानंद _962797 |
||
| 245 |
_aविश्व शांति का संदेश _cविवेकानंद |
||
| 260 |
_bगणपति प्रकाशन _c2004 _aदिल्ली |
||
| 350 | _a80 | ||
| 650 |
_aBiography _962798 |
||
| 942 |
_cHIN _k920/VIV _2ddc |
||
| 999 |
_c18959 _d18959 |
||